000 00231nam a22000857a 4500
008 160917b xxu||||| |||| 00| 0 eng d
100 _9655
_aBhattacharya.B.
245 _aOur Social Panorama.1
260 _aNew Delhi
_bAP. Publications
_c2011
999 _c3312
_d3312